000 00842ntm a2200217 i 4500
001 49426
003 ES-MaACL
005 20250704062544.0
007 t|
008 030715s1848 sp ||||1| spa d
040 _cES-MaACL
100 1 _aCos-Gayón, Fernando,
_d1825-1898
_940977
_eaut
245 1 0 _aOficio de Fernando Cos Gayón al secretario del Ateneo acusando recibo al oficio en el que se le dice que el Ateneo le ha admitido en su seno y haciendo presente su deseo de ser inscrito en las secciones primera y cuarta
_h[Manuscrito] /
_cFernando Cos Gayón.
260 _aMadrid :
_b[F. Cos Gayón]
_c1848.
300 _av. ;
_c22 x 16 cm.
610 2 4 _aAteneo de Madrid-
_vHistoria
_91925
852 _aES-MaACL
_cDEPO2
_jP-1-75
942 _cMANUSCRITO
_n0
999 _c49426
_d49426